Le génie américain (Record no. 127634)

MARC details
000 -LEADER
campo de control de longitud fija 00980nam a2200253 4500
001 - NÚMERO DE CONTROL
campo de control 127634
003 - IDENTIFICADOR DE NÚMERO DE CONTROL
campo de control ES-MaACL
005 - FECHA Y HORA DE LA ÚLTIMA TRANSACCIÓN
campo de control 20250831014006.0
007 - CAMPO FIJO DE DESCRIPCIÓN FÍSICA--INFORMACIÓN GENERAL
campo de control de longitud fija t|
008 - DATOS DE LONGITUD FIJA--INFORMACIÓN GENERAL
campo de control de longitud fija 070214s1921 fr r ||||1| fre d
100 1# - ENTRADA PRINCIPAL--NOMBRE DE PERSONA
Nombre de persona Riley, W.
9 (RLIN) 97229
245 13 - MENCIÓN DEL TÍTULO
Título Le génie américain
Resto del título : penseurs et hommes d'action /
Mención de responsabilidad, etc. par W. Riley ; traduit de l'anglais par E. Renoir ; préface de Henri Bergson.
260 ## - PUBLICACIÓN, DISTRIBUCIÓN, ETC.
Lugar de publicación, distribución, etc. Paris :
Nombre del editor, distribuidor, etc. Félix Alcan,
Fecha de publicación, distribución, etc. 1921 (
Fabricante J. Dardaillon)
300 ## - DESCRIPCIÓN FÍSICA
Extensión IV, 172 p. ;
Dimensiones 19 cm.
490 1# - MENCIÓN DE SERIE
Mención de serie Bibliothèque de philosophie contemporaine
505 8# - NOTA DE CONTENIDO CON FORMATO
Nota de contenido con formato Contiene: Puritans et quakers ; Franklin ; Jefferson ; Walt Whitman ; Lincoln ; Roosevelt ; William James
650 #4 - PUNTO DE ACCESO ADICIONAL DE MATERIA--TÉRMINO DE MATERIA
Término de materia o nombre geográfico como elemento de entrada Intelectuales-
Subdivisión geográfica Estados Unidos.
9 (RLIN) 172491
651 #4 - PUNTO DE ACCESO ADICIONAL DE MATERIA--NOMBRE GEOGRÁFICO
Nombre geográfico Estados Unidos-
Subdivisión general Vida intelectual
9 (RLIN) 8576
700 1# - ENTRADA AGREGADA--NOMBRE PERSONAL
Nombre de persona Renoir, E.
9 (RLIN) 96228
700 1# - ENTRADA AGREGADA--NOMBRE PERSONAL
Nombre de persona Bergson, Henri.
9 (RLIN) 28013
830 1# - PUNTO DE ACCESO ADICIONAL DE SERIE-TÍTULO UNIFORME
Título uniforme Bibliothèque de philosophie contemporaine
9 (RLIN) 181027
852 ## - LOCALIZACIÓN
Ubicación ES-MaACL
Número de control de estantería F-11665
Holdings
Estatus retirado Estado de pérdida Estado de daño No para préstamo Biblioteca de origen Biblioteca actual Ubicación en estantería Fecha de adquisición Fuente de adquisición Total de préstamos Signatura topográfica completa Código de barras Visto por última vez Precio de reemplazo Tipo de ítem Koha
        Biblioteca del Ateneo de Madrid Biblioteca del Ateneo de Madrid Sala Pecera Planta 2 17/01/2008     F-11665 1132936 23/02/2023 23/02/2023 Libro impreso